| 000 | 00623nam a22002057a 4500 | ||
|---|---|---|---|
| 999 |
_c422 _d422 |
||
| 001 | 002273 | ||
| 003 | CoMeUDC002273 | ||
| 005 | 20181214184016.0 | ||
| 008 | 970715s 1944col r 00010 spa d | ||
| 035 | _a1012 | ||
| 040 | _cCoMeUDC | ||
| 092 |
_a340.9 _bC133m |
||
| 100 | 2 | 0 | _aCaicedo Castilla, José Joaquín |
| 245 | 0 | 0 |
_aManual de derecho internacional privado _c/ José Joaquín Caicedo Castilla |
| 260 | 0 |
_aBogotá : _bLitografía Colombia , _c1944 |
|
| 300 | _a510p. | ||
| 650 | 1 | 4 | _aDerecho internacional privado |
| 942 |
_2ddc _cBK |
||
| 949 |
_c1 _i39983000335846 _mBG _lC.GENERAL _tLIBRO _kC.GENERAL _o.COMMENT. 8126 |
||